000 00489nam a2200181Ia 4500
008 240925s9999 xx 000 0 und d
020 _a132004119
082 _a005.73 TEN
100 _aTenenbaum ,Aaron M.
245 0 _aData Structures Using C
250 _aNA
260 _aLondon:
_bPrentice, Hall
_c,1990.
300 _axvii,812p.
_bNA
_fPirated
500 _aIncludes Index
600 _aComputer Science
650 _aComputer science, information & general works
942 _cBK
999 _c4214
_d4214